Central Library OPAC University of Rajshahi

Generalized, linear, and mixed models / (Record no. 53035)

MARC details
000 -LEADER
fixed length control field 00927nam a2200277 a 4500
001 - CONTROL NUMBER
control field 53035
003 - CONTROL NUMBER IDENTIFIER
rucl marc code BD-RjUL
005 - DATE AND TIME OF LATEST TRANSACTION
control field 20211209075910.0
008 - FIXED-LENGTH DATA ELEMENTS--GENERAL INFORMATION
fixed length control field 161002s2001 nyua b 001 0 eng
020 ## - INTERNATIONAL STANDARD BOOK NUMBER
International Standard Book Number 047119364X (cloth : alk. paper)
035 ## - SYSTEM CONTROL NUMBER
System control number (BD-RjUL)53155
040 ## - CATALOGING SOURCE
Original cataloging agency DLC
Transcribing agency DLC
Modifying agency DLC
-- BD-RjUL
Language of cataloging eng
041 ## - LANGUAGE CODE
Language code of text/sound track or separate title eng
082 00 - DEWEY DECIMAL CLASSIFICATION NUMBER
Classification number 519.535
Edition number 23
Author mark and year MCG 2001
100 1# - MAIN ENTRY--PERSONAL NAME
Personal name McCulloch, Charles E.
9 (RLIN) 158504
245 10 - TITLE STATEMENT
Title Generalized, linear, and mixed models /
Statement of responsibility, etc. Charles E. McCulloch, Shayle R. Searle.
260 ## - PUBLICATION, DISTRIBUTION, ETC. (IMPRINT)
Place of publication, distribution, etc. New York :
Name of publisher, distributor, etc. John Wiley & Sons,
Date of publication, distribution, etc. 2001.
300 ## - PHYSICAL DESCRIPTION
Pagination xxi, 325 p. :
Illustrations ill. ;
Size 25 cm.
490 1# - SERIES STATEMENT
Series statement Wiley series in probability and statistics
500 ## - GENERAL NOTE
General note Includes index.
650 #0 - SUBJECT ADDED ENTRY--TOPICAL TERM
Topical term or geographic name as entry element Linear models (Statistics)
9 (RLIN) 119621
700 1# - ADDED ENTRY--PERSONAL NAME
Personal name Searle, S. R.
Fuller form of name (Shayle R.),
Dates associated with a name 1928-
830 #0 - SERIES ADDED ENTRY--UNIFORM TITLE
Uniform title Wiley series in probability and statistics.
942 ## - ADDED ENTRY ELEMENTS (KOHA)
Source of classification or shelving scheme Dewey Decimal Classification
Koha item type Books
Holdings
Lost status Source of classification or shelving scheme Damaged status Not for loan Collection code Permanent Location Current Location Shelving location Date acquired Source of acquisition Cost, normal purchase price Total Checkouts Full call number Date last seen Copy number Koha item type
  Dewey Decimal Classification     Non-fiction Central Library, University of Rajshahi Central Library, University of Rajshahi   24/07/2008 Paragon Enterprises Dhaka 120.00   519.535 MCG 2001 02/10/2016 C-2 Books
  Dewey Decimal Classification   Not For Loan Non-fiction Central Library, University of Rajshahi Central Library, University of Rajshahi Reading Room 24/07/2008 Dhaka, Paragon Enterprises Ltd. 20.00   519.535 MCG 2001 30/03/2017 C-1 Books